[Event "Alcudia Belleuve"]
[Site "Alcudia"]
[Date "2012.10.21"]
[Round "9.13"]
[White "Gomez Olivares, Alejandro"]
[Black "Rodriguez Sanchez, Rafael"]
[Result "0-1"]
[WhiteElo "1993"]
[BlackElo "1809"]
[PlyCount "64"]
[EventDate "2012.10.14"]
[EventType "swiss"]
[EventRounds "9"]
[EventCountry "ESP"]
[SourceTitle "EXT 2024"]
[Source "ChessBase"]
[SourceDate "2023.10.10"]
[SourceVersion "1"]
[SourceVersionDate "2023.10.10"]
[SourceQuality "1"]

1. d4 Nf6 2. c4 g6 3. Nc3 Bg7 4. e4 d6 5. f3 0-0 6. Bg5 c6 7. Qd2 e5 8. d5 c5 9. Bd3 Qe7 10. Nge2 Na6 11. g4 Nc7 12. h4 Bd7 13. Ng3 Rfb8 14. a4 a5 15. 0-0-0 b6 16. b3 Na6 17. Rh2 Kf8 18. Rdh1 Ke8 19. h5 Kd8 20. hxg6 hxg6 21. Rh7 Qf8 22. Nd1 Kc7 23. R7h4 Qe7 24. Ne3 Rh8 25. Rxh8 Rxh8 26. Rxh8 Bxh8 27. Qh2 Qf8 28. Qh4 Ne8 29. Nd1 Bg7 30. Bd8+ Kb7 31. Bxb6 g5 32. Qxg5 Bh6 0-1

[Event "Alcudia Belleuve"]
[Site "Alcudia"]
[Date "2012.10.20"]
[Round "8.21"]
[White "Rodriguez Sanchez, Rafael"]
[Black "Fullana Benito, David"]
[Result "1-0"]
[WhiteElo "1809"]
[BlackElo "1813"]
[PlyCount "53"]
[EventDate "2012.10.14"]
[EventType "swiss"]
[EventRounds "9"]
[EventCountry "ESP"]
[SourceTitle "EXT 2024"]
[Source "ChessBase"]
[SourceDate "2023.10.10"]
[SourceVersion "1"]
[SourceVersionDate "2023.10.10"]
[SourceQuality "1"]

1. e4 c5 2. Nf3 Nc6 3. d4 cxd4 4. Nxd4 e5 5. Nb5 a6 6. Nd6+ Bxd6 7. Qxd6 Qf6 8. Qd1 Qg6 9. Nc3 Nge7 10. Be3 0-0 11. Qd2 d6 12. f3 Rd8 13. Bb6 Rd7 14. Bc4 Nd4 15. Nd5 Nxd5 16. Bxd5 a5 17. c3 Ra6 18. Bxd4 exd4 19. cxd4 Rd8 20. 0-0-0 b5 21. Kb1 Be6 22. Bb7 Ra7 23. Bc6 Bc4 24. d5 b4 25. Qd4 Be2 26. Rde1 Qxg2 27. Reg1 1-0

[Event "Alcudia Belleuve"]
[Site "Alcudia"]
[Date "2012.10.18"]
[Round "5.19"]
[White "Garcia Verd, Francisco Javier"]
[Black "Rodriguez Sanchez, Rafael"]
[Result "0-1"]
[WhiteElo "1954"]
[BlackElo "1809"]
[PlyCount "89"]
[EventDate "2012.10.14"]
[EventType "swiss"]
[EventRounds "9"]
[EventCountry "ESP"]
[SourceTitle "EXT 2024"]
[Source "ChessBase"]
[SourceDate "2023.10.10"]
[SourceVersion "1"]
[SourceVersionDate "2023.10.10"]
[SourceQuality "1"]

1. e4 d6 2. d4 Nf6 3. Nc3 g6 4. f4 Bg7 5. Nf3 c5 6. dxc5 Qa5 7. Bd3 Qxc5 8. Qe2 Ng4 9. Bd2 0-0 10. h3 Nf6 11. Qe3 Nbd7 12. e5 Ne8 13. exd6 Nxd6 14. 0-0 e6 15. Rab1 b6 16. Ne4 Nxe4 17. Bxe4 Rb8 18. c3 Ba6 19. Rfe1 Rfd8 20. Kh1 Qxe3 21. Bxe3 Nf6 22. Bc2 Nd5 23. Bd2 Rbc8 24. a3 Ne7 25. Rbd1 Nc6 26. Be3 Na5 27. Rxd8+ Rxd8 28. Rd1 Rxd1+ 29. Bxd1 Bd3 30. Nd2 Kf8 31. Kg1 Ke7 32. Kf2 e5 33. fxe5 Bxe5 34. Nf3 Bg7 35. Nd2 f5 36. Bg5+ Kd6 37. Ke3 Ba6 38. h4 Nc4+ 39. Nxc4+ Bxc4 40. h5 Bd5 41. g3 b5 42. Be2 Bc4 43. Bf3 Be5 44. Bf4 Ke6 45. hxg6 0-1

[Event "Alcudia Belleuve"]
[Site "Alcudia"]
[Date "2012.10.17"]
[Round "4.20"]
[White "Rodriguez Sanchez, Rafael"]
[Black "Strand, Oyvin"]
[Result "1/2-1/2"]
[WhiteElo "1809"]
[BlackElo "1899"]
[PlyCount "115"]
[EventDate "2012.10.14"]
[EventType "swiss"]
[EventRounds "9"]
[EventCountry "ESP"]
[SourceTitle "EXT 2024"]
[Source "ChessBase"]
[SourceDate "2023.10.10"]
[SourceVersion "1"]
[SourceVersionDate "2023.10.10"]
[SourceQuality "1"]

1. e4 e6 2. d4 d5 3. Nd2 dxe4 4. Nxe4 Bd7 5. Bd3 Bc6 6. Nf3 Nd7 7. 0-0 Ngf6 8. Bg5 Be7 9. Nxf6+ Bxf6 10. Bxf6 Qxf6 11. c3 0-0-0 12. Be2 g5 13. b4 Bxf3 14. Bxf3 e5 15. d5 Nb6 16. Qb3 h5 17. c4 g4 18. Be4 Qf4 19. Qc2 Kb8 20. a4 f5 21. Bd3 e4 22. Be2 Qe5 23. a5 Nc8 24. b5 f4 25. Rfe1 Rhe8 26. Rec1 f3 27. Bf1 e3 28. fxe3 Qxe3+ 29. Qf2 fxg2 30. Bxg2 Qxf2+ 31. Kxf2 h4 32. Re1 Rf8+ 33. Kg1 h3 34. Bh1 Nd6 35. c5 Nxb5 36. a6 b6 37. Re3 Nd4 38. cxb6 cxb6 39. Rf1 Rxf1+ 40. Kxf1 Rf8+ 41. Kg1 Nb5 42. Re7 Nc7 43. d6 Nxa6 44. Rb7+ Kc8 45. Rxa7 Nb8 46. Rc7+ Kd8 47. Bb7 Re8 48. Rc8+ Kd7 49. Rxe8 Kxe8 50. Bc8 Nd7 51. Kf2 Kd8 52. Ba6 Nc5 53. Bb5 Ne4+ 54. Ke3 Nxd6 55. Be2 Ke7 56. Kf4 Kf6 57. Kxg4 b5 58. Bxb5 1/2-1/2